00485nam a22001577a 450000500170000000800410001702000180005804100080007608200160008410000170010024500470011726000320016430000230019665000630021970000450028220250407130256.0250407b |||||||| |||| 00| 0 eng d a9789356408982 aeng a658.408 SIN aSingh, D. B. aSustainability Through Business Innovation aNew DelhibBloomsburyc2024 a280;. pages: 24 cm aSustainability Management; Corporate Social Responsibility aPandey, Priyanka, Panth, Gargi and Other